1861 1129 1730 1556 1650 1249 1115 1034 1247 1468 1737 1790 1633 1903 1343 1062 1831 1763 1180 1493 1906 1438 1518 1190 1441 1861 1869 1104 1588 1565 1143 1134 1819 1535 1214 1828 1770 1141 1738 1051 1989 1357 1563 1358 1467 1082 1550 1585 1113 1366 1147 1448 1460 1204 1920 1376 1168 1765 1194 1883 1045 1272 1182 1964 1977 1623 1524 1041 1660 1181 1501 1488 1291 1401 1376 1146 1249 1017 1276 1726 1311 1377 1420 1818 1664 1659 1556 1834 1400 1332 1518 1198 1899 1198 1197 1428 1273 1342 1223 BCNSPRNW ULIB Ver.6.0+V

เปลี่ยนเป็นภาษาไทย

Change to English
 แสดงรายละเอียดบรรณานุกรม
  กลับหน้าหลัก

Brief Record : Get Marc (ISO 2709) : E-mail record : QR code < ปิดหน้าต่าง
LEADER : 00000nam 2200000uu 4500
001    13399121081
003     ULIB
008    020711s2554 th a 000 0 tha d
020    9786167017716
090    นว.^bก631ม
100    กิ่งพยอม
245    มนต์ตราหิมาลัย/^cกิ่งพยอม
260    กรุงเทพฯ :^bอักษรศาสตร์,^c2554
300    396 หน้า
945    ^p279^l0^i19553
999    ^aทศพร เกษรทอง
รายการนี้ยังไม่มีแท็ก
คุณยังไม่ได้ล็อกอิน คุณสามารถมีกิจกรรมร่วมกับเว็บไซต์ได้ แต่ต้องล็อกอินก่อน ::
  ล็อกอิน

รายการสื่อสารสนเทศ

ลำดับที่ ประเภท เลขเรียก/บาร์โค้ด สถานที่ สถานะ
1. นวนิยาย
นวนิยาย
นว. ก631ม  
  Barcode: 19553
ห้องสมุดวิทยาเขตสวรรค์ประชารักษ์
►นวนิยาย
บนชั้น
  ขอยืม

รายการใกล้เคียง
    ผู้แต่ง [กิ่งพยอม]

BibComment


ยังไม่เคยถูกคอมเมนท์

คอมเมนท์ทรัพยากรรายการนี้
  คอมเมนท์: มนต์ตราหิมาลัย กิ..


 Copyright 2026. Bcnsprnw @Library